Ústavné právo Slovenskej republiky všeobecná časť
Gespeichert in:
| 1. Verfasser: | |
|---|---|
| Körperschaft: | |
| Weitere Verfasser: | , |
| Format: | Buch |
| Sprache: | Slowakisch |
| Veröffentlicht: |
Bratislava
Eurokódex
2009
|
| Ausgabe: | 3. vyd. |
| Schlagworte: | |
| Tags: |
Keine Tags, Fügen Sie das erste Tag hinzu!
|
MARC
| LEADER | 00000nam a2200000 4500 | ||
|---|---|---|---|
| 001 | 0172037 | ||
| 005 | 20240226123036.8 | ||
| 020 | |a 978-80-89447-08-04 | ||
| 041 | 0 | |a slo | |
| 044 | |a SK | ||
| 245 | 1 | 0 | |a Ústavné právo Slovenskej republiky |b všeobecná časť |c Ján Svák, Ľubor Cibulka, Karel Klíma |
| 250 | |a 3. vyd. | ||
| 264 | 1 | |a Bratislava |b Eurokódex |c 2009 | |
| 300 | |a 977 s. | ||
| 610 | 2 | 0 | |a právo ústavné |
| 610 | 2 | 0 | |a ústava |
| 610 | 2 | 0 | |a štát právny |
| 610 | 2 | 0 | |a demokracia |
| 610 | 2 | 0 | |a zvrchovanosť |
| 610 | 2 | 0 | |a Slovensko |
| 100 | 1 | |a Svák, Ján | |
| 700 | 1 | |a Cibulka, Ľubor | |
| 700 | 1 | |a Klíma, Karel | |
| 710 | 2 | |a Bratislavská vysoká škola práva | |